| 000 | 00511nam a2200193 a 4500 | ||
|---|---|---|---|
| 005 | 20210219153215.0 | ||
| 008 | 991125n 000 0 u | ||
| 035 | _aUPN01000084213 | ||
| 100 | 1 | _aBragger, Walter | |
| 222 | _aENSEIGNEMENT MATHEMATIQUE | ||
| 245 | _aKreispackungen und triangulierungen | ||
| 300 | _a201-217 | ||
| 362 | 0 | _a1992 Vol. 38, nos. 3-4 | |
| 653 | 0 | _aGEOMETRIA HIPERBOLICA | |
| 653 | 0 | _aPROBLEMAS MATEMATICOS | |
| 653 | 0 | _aTOPOLOGIA | |
| 904 |
_aAC _b022024 |
||
| 905 | _aArticulo | ||
| 999 |
_c71087 _d71087 |
||